000 00551nam a2200169Ia 4500
005 20140915112103.0
010 _aBAC-EN21
020 _a9788126515202
_c579.00
037 _bAsian Book Centre/Ven
100 _aApostol, Tom M.
245 _aCalculus :
_bmulti-variable calculus and linear algebra, with applications to differential equations and probability /
_cby Tom M. Apostol
250 _a2nd ed
260 _c2014
_aNew Delhi
_bWiley India
300 _c22cm(pbk)
_av.II (673p.):
_bill.
942 _cEN
_2ddc
999 _c88040
_d88040